000 00427nam a2200145Ia 4500
008 100122s9999 xx 000 0 und d
082 _b64752
_a823.08
100 _aपरांजपे अभय
245 _aअविश्वसनिय
260 _bगीता एजन्सीज
_c2003
300 _a181
630 _aअविश्वसनिय
730 _aअविश्वसनिय
942 _cBOOK
999 _c438165
_d438162